Ogiek land cases and historical injustices, 1902-2004 / (Record no. 4132)

000 -LEADER
fixed length control field 00900cam a2200277 a 4500
001 - CONTROL NUMBER
control field 13652443
003 - CONTROL NUMBER IDENTIFIER
control field OSt
005 - DATE AND TIME OF LATEST TRANSACTION
control field 20220318075904.0
008 - FIXED-LENGTH DATA ELEMENTS--GENERAL INFORMATION
fixed length control field 040429s2004 ke a b 000 0 eng
010 ## - LIBRARY OF CONGRESS CONTROL NUMBER
LC control number 2004360235
035 ## - SYSTEM CONTROL NUMBER
System control number (DLC) 2004360235
040 ## - CATALOGING SOURCE
Original cataloging agency DLC
Transcribing agency DLC
Modifying agency DLC
042 ## - AUTHENTICATION CODE
Authentication code lcode
043 ## - GEOGRAPHIC AREA CODE
Geographic area code f-ke---
050 00 - LIBRARY OF CONGRESS CALL NUMBER
Classification number KTA2568
Item number .K56 2004
100 1# - MAIN ENTRY--PERSONAL NAME
Personal name Kimaiyo, Towett J.
245 10 - TITLE STATEMENT
Title Ogiek land cases and historical injustices, 1902-2004 /
Statement of responsibility, etc. [Towett J. Kimaiyo].
260 ## - PUBLICATION, DISTRIBUTION, ETC.
Place of publication, distribution, etc. Nakuru, Kenya :
Name of publisher, distributor, etc. Ogiek Welfare Council,
Date of publication, distribution, etc. c2004.
300 ## - PHYSICAL DESCRIPTION
Extent iii, 148, [20] p. :
Other physical details ill. ;
Dimensions 21 cm.
504 ## - BIBLIOGRAPHY, ETC. NOTE
Bibliography, etc. note Includes bibliographical references (p. 124-126).
650 #0 - SUBJECT ADDED ENTRY--TOPICAL TERM
Topical term or geographic name entry element Dorobo (African people)
General subdivision Land tenure
-- History.
650 #0 - SUBJECT ADDED ENTRY--TOPICAL TERM
Topical term or geographic name entry element Dorobo (African people)
General subdivision Claims.
906 ## - LOCAL DATA ELEMENT F, LDF (RLIN)
a 7
b cbc
c origode
d 3
e ncip
f 20
g y-gencatlg
942 ## - ADDED ENTRY ELEMENTS (KOHA)
Source of classification or shelving scheme
Koha item type Book
Holdings
Withdrawn status Lost status Source of classification or shelving scheme Damaged status Not for loan Permanent Location Current Location Shelving location Date acquired Source of acquisition Total Checkouts Full call number Barcode Date last seen Price effective from Koha item type Public note
          AU LIBRARY AU LIBRARY Open Shelf 18.03.2022 DONATION FROM MOI UNIVERSITY   KTA2568 .K56 2004 28005928 18.03.2022 18.03.2022 Book CM

Powered by Koha